| 000 | 00810nam a22002417a 4500 | ||
|---|---|---|---|
| 003 | UA-OsUOA | ||
| 001 | 46841 | ||
| 007 | ta | ||
| 008 | 20120515b un ||||| |||| 00| 0 ukr d | ||
| 100 | _aМарунчак М.Г. | ||
| 090 |
_a929 _bМ29 |
||
| 942 | _cBK | ||
| 040 |
_aUA-OsUOA _bukr _cUA-OsUOA _dUA-OsUOA |
||
| 245 |
_aПетро Гаврисишин _bпіонер-будівничий шашкевичівський дільниці (Пойнт Доглес) у Вінніпегу |
||
| 300 | _a110 с. | ||
| 955 | _a4 | ||
| 041 | _aukr | ||
| 080 | _a929 | ||
| 260 |
_aВінніпег _c1962-63 |
||
| 650 | 7 |
_a9 Географія. Біографії. Історія _2UDC |
|
| 999 |
_c426943 _d426943 |
||